Sucesiones graficales I /
Guardado en:
| Autor Principal: | |
|---|---|
| Otros Autores: | , |
| Formato: | Libro |
| Idioma: | Spanish |
| Publicado: |
Bahía Blanca :
Instituto de Matemática,
2006.
|
| Series: | Informe técnico interno (Instituto de Matemática, Universidad Nacional del Sur) ;
no. 95 |
| Etiquetas: |
Agregar Etiqueta
Sin Etiquetas, Sea el primero en etiquetar este registro!
|
| LEADER | 00672nam a22001815a 4500 | ||
|---|---|---|---|
| 001 | MAT.inmabb003976 | ||
| 008 | 060828s2006####ag#######b####000#0#spa#d | ||
| 005 | 20180613164608.0 | ||
| 245 | 1 | 0 | |a Sucesiones graficales I / |c Luiz Monteiro, Aída Kremer y Agustín Claverie. |
| 260 | |a Bahía Blanca : |b Instituto de Matemática, |c 2006. | ||
| 300 | |a 30 p. ; |c 30 cm. | ||
| 490 | 0 | |a Informe técnico interno ; |v no. 95 | |
| 504 | |a Bibliografía: p. 30. | ||
| 100 | 1 | |a Monteiro, Luiz Fernando. | |
| 700 | 1 | |a Kremer, Aída. | |
| 700 | 1 | |a Claverie, Agustín. | |
| 830 | 0 | |a Informe técnico interno (Instituto de Matemática, Universidad Nacional del Sur) ; |v no. 95 | |
| 859 | |p ITI-95 |b BIB. MATEMATICA | ||
